<?xml version="1.0" encoding="UTF-8"?>
<record
    xmlns:xsi="http://www.w3.org/2001/XMLSchema-instance"
    xsi:schemaLocation="http://www.loc.gov/MARC21/slim http://www.loc.gov/standards/marcxml/schema/MARC21slim.xsd"
    xmlns="http://www.loc.gov/MARC21/slim">

  <leader>00501nam a22001697a 4500</leader>
  <controlfield tag="005">20250402154128.0</controlfield>
  <controlfield tag="008">250402b        |||||||| |||| 00| 0 eng d</controlfield>
  <datafield tag="020" ind1=" " ind2=" ">
    <subfield code="a">9788119394005</subfield>
  </datafield>
  <datafield tag="041" ind1=" " ind2=" ">
    <subfield code="a">eng</subfield>
  </datafield>
  <datafield tag="082" ind1=" " ind2=" ">
    <subfield code="a">001.954</subfield>
    <subfield code="b">GLO B22481</subfield>
  </datafield>
  <datafield tag="100" ind1=" " ind2=" ">
    <subfield code="a">Glover J</subfield>
    <subfield code="9">211832</subfield>
  </datafield>
  <datafield tag="245" ind1=" " ind2=" ">
    <subfield code="a">Inspirational Maths From India: </subfield>
    <subfield code="b">An Introductory Handbook for Vedic Mathematics</subfield>
  </datafield>
  <datafield tag="260" ind1=" " ind2=" ">
    <subfield code="a">Delhi  </subfield>
    <subfield code="b">Motilal Banarsidass International </subfield>
    <subfield code="c">2023</subfield>
  </datafield>
  <datafield tag="300" ind1=" " ind2=" ">
    <subfield code="a">145p</subfield>
  </datafield>
  <datafield tag="500" ind1=" " ind2=" ">
    <subfield code="a">Indian Knowledge System</subfield>
  </datafield>
  <datafield tag="942" ind1=" " ind2=" ">
    <subfield code="c">BK</subfield>
  </datafield>
  <datafield tag="999" ind1=" " ind2=" ">
    <subfield code="c">365863</subfield>
    <subfield code="d">365863</subfield>
  </datafield>
  <datafield tag="952" ind1=" " ind2=" ">
    <subfield code="0">0</subfield>
    <subfield code="1">0</subfield>
    <subfield code="2">ddc</subfield>
    <subfield code="4">0</subfield>
    <subfield code="7">0</subfield>
    <subfield code="a">HIMR</subfield>
    <subfield code="b">HIMR</subfield>
    <subfield code="d">2025-01-20</subfield>
    <subfield code="e">Forward Books </subfield>
    <subfield code="g">395.00</subfield>
    <subfield code="i">24325 </subfield>
    <subfield code="l">1</subfield>
    <subfield code="o">001.954 GLO B22481</subfield>
    <subfield code="p">HIMR-BK-22481</subfield>
    <subfield code="r">2026-01-03 11:07:43</subfield>
    <subfield code="s">2025-06-20</subfield>
    <subfield code="t">27</subfield>
    <subfield code="v">288.35</subfield>
    <subfield code="w">2025-01-18</subfield>
    <subfield code="y">BK</subfield>
    <subfield code="z">B22481</subfield>
  </datafield>
</record>
